[Event "Carlos Torre Memorial op 33rd"]
[Site "Merida"]
[Date "2023.12.16"]
[Round "3"]
[White "Villanueva De Leon, Vanessa"]
[Black "Zacarias Rodriguez, Santiago"]
[Result "0-1"]
[WhiteElo "1709"]
[BlackElo "2133"]
[PlyCount "74"]
[EventDate "2023.12.15"]
[EventType "swiss"]
[EventRounds "9"]
[EventCountry "MEX"]
[SourceTitle "CB52_2023"]
[SourceDate "2023.12.27"]
[SourceVersion "1"]
[SourceVersionDate "2023.12.27"]
[SourceQuality "1"]

1. e4 c5 2. Nc3 Nc6 3. Bb5 Nd4 4. Bc4 d6 5. Nf3 Nf6 6. Nxd4 cxd4 7. Ne2 Nxe4 8. Nxd4 d5 9. Bb5+ Bd7 10. Bxd7+ Qxd7 11. d3 Nf6 12. Bg5 e6 13. Bxf6 gxf6 14. Qf3 Be7 15. 0-0 0-0-0 16. c4 dxc4 17. Rfc1 Kb8 18. Rxc4 Rc8 19. Rac1 Qxd4 20. Rxc8+ Rxc8 21. Qg3+ Qe5 22. Rxc8+ Kxc8 23. f4 Qxb2 24. Qg8+ Kd7 25. Qxf7 Qc1+ 26. Kf2 Qxf4+ 27. Ke2 Qxh2 28. Qg8 Qh5+ 29. g4 Qg6 30. Qb8 Qxg4+ 31. Kd2 Qb4+ 32. Ke2 Qg4+ 33. Kd2 Bb4+ 34. Kc2 Qe2+ 35. Kb3 Qxd3+ 36. Ka4 Qa3+ 37. Kb5 Qa6+ 0-1